00631cam a22002171 4500001001300000003000400013005001700017008004100034010001700075035002000092040001800112042001200130050002600142082001000168100004300178245006900221260004600290300003400336440002600370999001700396ca 34000217 DLC20260227111130.0890510s1934 mauae 000 0 eng  aca 34000217  a(OCoLC)19687339 aDLCcRPBdDLC apremarc00aPS3525.A2777bP4 1934 a812.51 aMcMullen, J. C.q(Joseph Carl),d1882-14aThe perfect getaway;ba comedy in three acts,cJ.C. McMullen ... aBoston,bWalter H. Baker Companyc[c1934] a147 p.billus. (plan)c19 cm. 0aBaker's royalty plays c17251d17251